01056nam a2200265 a 450000100060000000300080000600500170001400800410003103500190007204000270009104100080011808200280012608200060015410000350016024501060019526000420030130000240034350000930036750400500046060000610051065000490057194200120062099900170063295201410064919205BD-RjUL20211209000411.0140223t1967 ii b 001 0beng d a(BD-RjUL)19263 aDLCcDLCbengdBD-RjUL aeng00a954.560230924bBAH 1967 aB0 aBanerjee, Jamini Mohan.95908510aHistory of Firuz Shah Tughluq /cby Jamini Mohan Banerjee ; with a foreword by Banarsi Prasad Saksena aDelhi :bMunshiram Manoharlal,c1967. ax, 228 p. ;c23 cm. a"Thesis approved for the degree of Doctor of Philosophy of the University of Allahabad." aincludes Bibliographical reference and index.00aFirūz Shāh TughluqcSultan of Delhi,dd. 1388959093 0aSultanszDelhi (Sultanate)xBiography959087 2ddccBK c19205d19205 00102ddc40718NFICaRUCLbRUCLcReadingd1974-06-22eIndia Govt. giftl0o954.5602 BAH 1967r2014-02-23 00:00:00tC-1w2014-02-23yBK